000 00806nam a22002417a 4500
003 UA-OsUOA
001 91610
007 ta
008 20121203b un ||||| |||| 00| 0 ukr d
100 _aСмолич Ю.
090 _a821.161.2
_bС51
942 _cBK
040 _aUA-OsUOA
_bukr
_cUA-OsUOA
_dUA-OsUOA
245 _aРозповідь про неспокій немає кінця
_bще дещо з двадцятих і тридцятих років в українському літературному побуті
300 _a281 с.
955 _a3
041 _aukr
080 _a821.161.2
260 _aК.
_bРадянський письменник
_c1972
246 3 1 _aкн. 3
_n
650 7 _a82 Література. Літературознавство
_2UDC
999 _c377849
_d377849